Countries the U.S. has the Most Trade Deficit with - Statistics

General Stats
  • This quiz has been taken 93 times
  • The average score is 17 of 21
Answer Stats
$ Deficit Country % Correct
67.9 bil Canada
100%
279 bil China
100%
152 bil Mexico
100%
43.7 bil India
96%
71.2 bil Japan
96%
51.4 bil South Korea
96%
13.4 bil France
95%
83.0 bil Germany
95%
44.0 bil Italy
93%
16.9 bil Indonesia
88%
105 bil Vietnam
86%
48.0 bil Taiwan
84%
40.7 bil Thailand
82%
9.79 bil Sweden
77%
24.3 bil Switzerland
75%
26.7 bil Malaysia
71%
65.3 bil Ireland
68%
13.6 bil Austria
63%
7.71 bil Hungary
46%
11.3 bil Cambodia
32%
7.89 bil Slovakia
27%
No matching quizzes found
Score Distribution
Percent of People with Each Score
Percentile by Number Answered
Your Score History
You have not taken this quiz